| 000 | 00000nam 2200000zi 4500 |
| 001 | 9.932855 |
| 003 | CaOODSP |
| 005 | 20250910142447 |
| 006 | m o d f |
| 007 | cr ||||||||||| |
| 008 | 240124t20242024onca ob f000 0 fre d |
| 020 | |a9780660697505 |
| 040 | |aCaOODSP|bfre|erda|cCaOODSP |
| 043 | |an-cn--- |
| 086 | 1 |aD2-658/2024F-PDF |
| 100 | 1 |aBechthold, Michael, |d1968- |eauteur. |
| 245 | 10|aCent objets représentant un siècle d'histoire : |bcentenaire de l'Aviation royale canadienne / |cMike Bechthold, Richard Mayne, Brad St.Croix. |
| 264 | 1|a[Ottawa] : |bDéfense nationale = National Defence, |c[2024] |
| 264 | 4|c©2024 |
| 300 | |a1 ressource en ligne (xiii, 174 pages) : |billustrations |
| 336 | |atexte|btxt|2rdacontent/fre |
| 337 | |ainformatique|bc|2rdamedia/fre |
| 338 | |aressource en ligne|bcr|2rdacarrier/fre |
| 500 | |aPublié aussi en anglais sous le titre : 100 objects for 100 years: a history for the Royal Canadian Air Force centennial. |
| 504 | |aComprend des références bibliographiques (pages 169-171). |
| 610 | 16|aCanada. |bAviation royale canadienne|xHistoire. |
| 610 | 16|aCanada. |bAviation royale canadienne|xAnniversaires. |
| 710 | 1 |aCanada. |bMinistère de la défense nationale, |eorganisme de publication. |
| 775 | 08|t100 objects for 100 years : |w(CaOODSP)9.932852 |
| 776 | 0#|tCent objets représentant un siècle d'histoire : |w(CaOODSP)9.932856 |
| 856 | 40|qPDF|s41.20 Mo|uhttps://publications.gc.ca/collections/collection_2024/mdn-dnd/D2-658-2024-fra.pdf |